000 00358nam a2200145Ia 4500
008 150201s1999 xx 000 0 und d
082 _a611
_bA1999S
100 _aSINGH
245 _aTEXT BOOK OF ANATOMY WITH COLOUR ATLAS
250 _a2ND
260 _bJAYPEE MEDICAL PUBLISHER
_aDELHI
_c1999
300 _a771-1153
650 _aANATOMY
942 _2ddc
_cBK
999 _c2475
_d2475